Diseño de un sistema de abastecimiento de agua potable del tipo mini acueducto por bombeo eléctrico MABE para la comunidad El Pino, municipio de Estelí
Presenta el diseño de un sistema de abastecimiento de agua potable del tipo mini acueducto por bombeo eléctrico MABE para la comunidad El Pino, municipio de Estelí, incluye estudio socioeconómico de la población, estudio hidrogeológico, diseño de elementos que componen el sistema de mini acue...
| Main Authors: | , |
|---|---|
| Other Authors: | |
| Format: | Tesis Section = Libro |
| Language: | Undetermined Spanish |
| Published: |
Managua
UNI
2012
|
| Subjects: |
| LEADER | 01259nam a2200265Ia 4500 | ||
|---|---|---|---|
| 008 | 240830s9999 xx 000 0 und d | ||
| 040 | |a BIBLIOTECA-RUPAP T.Mon 628.72 V297 | ||
| 041 | |a spa | ||
| 082 | |a T.Mon 628.72 V297 | ||
| 100 | 1 | |a Vargas Fuentes, Miriam Yulissa | |
| 100 | 1 | |b Ávila Sánchez, Rodny Josué | |
| 245 | 1 | 0 | |a Diseño de un sistema de abastecimiento de agua potable del tipo mini acueducto por bombeo eléctrico MABE para la comunidad El Pino, municipio de Estelí |
| 260 | |a Managua |b UNI |c 2012 | ||
| 300 | |a 94 p. :il. | ||
| 500 | |a Contiene: anexos y glosarios. | ||
| 502 | |a Tesis (Ingeniero Civil)- UNI, 2012. | ||
| 520 | 3 | |a Presenta el diseño de un sistema de abastecimiento de agua potable del tipo mini acueducto por bombeo eléctrico MABE para la comunidad El Pino, municipio de Estelí, incluye estudio socioeconómico de la población, estudio hidrogeológico, diseño de elementos que componen el sistema de mini acueducto por bombeo eléctrico y evaluación de impacto ambiental. | |
| 650 | 7 | |a ABASTECIMIENTO - AGUA | |
| 650 | 7 | |b AGUA POTABLE | |
| 650 | 7 | |c ESTACIONES DE BOMBEO | |
| 650 | 7 | |d RED DE DISTRIBUCIÓN | |
| 700 | 1 | |a Tutor: |b Sierra Mercado, Jimmy | |
| 942 | |c BK |2 ddc | ||
| 991 | |a TESIS | ||
| 999 | |c 18468 | ||